| 000 | 01032nac a22003017a 4500 | ||
|---|---|---|---|
| 001 | BR8204827 | ||
| 003 | BR-BrBNA | ||
| 005 | 20240105115453.0 | ||
| 008 | 230509b bl.|||m| |||| 00| 0 por d | ||
| 040 |
_aBR-BrBNA _bpor _cBiblioteca Nacional de Agricultura |
||
| 072 | _aE15; E50 | ||
| 090 | _aE15 BR8204827 | ||
| 100 | 1 | _aMueller, C.C. | |
| 110 | 1 |
_aFundacao Universidade de Brasilia, DF (Brasil). Depto. de Economia _95043 |
|
| 245 | 1 | _aFronteira, frentes e a evolucao recente da ocupacao da forca de trabalho rural no Centro-Oeste [mao-de-obra, Brasil] | |
| 260 | 3 |
_aBrasilia, DF (Brasil): _c1982. |
|
| 300 | _a30 p. | ||
| 490 |
_aTexto para Discussao - Fundacao Universidade de Brasilia. Depto. de Economia (Brazil) _vno. 94 _x |
||
| 500 | _a8 ref. | ||
| 650 | _aMAO-DE-OBRA | ||
| 650 | _aPRODUTIVIDADE | ||
| 650 | _aPROPRIEDADE RURAL | ||
| 650 | _aPOPULACAO RURAL | ||
| 650 | _aPOPULACAO URBANA | ||
| 650 | _aREGIAO CENTRO-OESTE | ||
| 909 |
_a202312 _bLúcia Elande _c55 _dLúcia Elande |
||
| 942 |
_2AGRIS _n0 _cMS |
||
| 999 |
_c274973 _d274973 |
||